<?xml version="1.0" encoding="UTF-8"?>
<record
    xmlns:xsi="http://www.w3.org/2001/XMLSchema-instance"
    xsi:schemaLocation="http://www.loc.gov/MARC21/slim http://www.loc.gov/standards/marcxml/schema/MARC21slim.xsd"
    xmlns="http://www.loc.gov/MARC21/slim">

  <leader>00584nab a2200169uuc4500</leader>
  <controlfield tag="001">1344417</controlfield>
  <controlfield tag="005">20240202113427.0</controlfield>
  <controlfield tag="008">130925s2011                        spa  </controlfield>
  <datafield tag="035" ind1=" " ind2=" ">
    <subfield code="a">1344417</subfield>
  </datafield>
  <datafield tag="040" ind1=" " ind2=" ">
    <subfield code="c">comduadb</subfield>
  </datafield>
  <datafield tag="041" ind1=" " ind2=" ">
    <subfield code="a">spa</subfield>
  </datafield>
  <datafield tag="100" ind1="1" ind2="0">
    <subfield code="a">Gherovici, Patricia</subfield>
    <subfield code="4">aut</subfield>
    <subfield code="e">aut</subfield>
    <subfield code="9">611100</subfield>
  </datafield>
  <datafield tag="245" ind1="1" ind2="1">
    <subfield code="a">&#xBF;Soy heterosexual o bisexual? Una genealog&#xED;a de la pregunta desde la histeria al transgenerismo en los EE.UU</subfield>
  </datafield>
  <datafield tag="260" ind1=" " ind2=" ">
    <subfield code="c">2011.</subfield>
  </datafield>
  <datafield tag="773" ind1="0" ind2=" ">
    <subfield code="t">Psicoan&#xE1;lisis y el Hospital (Buenos Aires)</subfield>
    <subfield code="g">Vol. 20, No. 39, Jun. 2011, 114-120</subfield>
    <subfield code="w">1062738</subfield>
    <subfield code="x">0328-0969</subfield>
    <subfield code="0">451095</subfield>
  </datafield>
  <datafield tag="942" ind1=" " ind2=" ">
    <subfield code="c">ARIMP</subfield>
  </datafield>
  <datafield tag="999" ind1=" " ind2=" ">
    <subfield code="c">666100</subfield>
    <subfield code="d">666100</subfield>
  </datafield>
</record>
